[Event "Wch Seniors 65 30th"]
[Site "Assisi"]
[Date "2022.11.26"]
[Round "11"]
[White "Luciani, Carlo"]
[Black "Buchal, Stephan"]
[Result "0-1"]
[WhiteElo "2187"]
[BlackElo "2247"]
[PlyCount "80"]
[EventDate "2022.11.15"]
[EventType "swiss"]
[EventRounds "11"]
[EventCountry "ITA"]
[SourceTitle "CBM 211 Extra"]
[Source "ChessBase"]
[SourceDate "2023.01.31"]
[SourceVersion "1"]
[SourceVersionDate "2023.01.31"]
[SourceQuality "1"]

1. e4 g6 2. d4 Bg7 3. Nc3 d6 4. Be3 a6 5. Qd2 b5 6. f3 Nd7 7. h4 h6 8. Nge2 Bb7 9. h5 g5 10. d5 e6 11. 0-0-0 Ngf6 12. a3 Qe7 13. Nd4 Ne5 14. Be2 Rd8 15. g3 c5 16. dxc6 Nxc6 17. Nxc6 Bxc6 18. Bd3 d5 19. Qf2 d4 20. Bxd4 Ng4 21. fxg4 Bxd4 22. Qe1 0-0 23. Rf1 Be5 24. Ne2 Rb8 25. Qb4 Qa7 26. Rf3 a5 27. Qd2 b4 28. Qe3 Qe7 29. Nd4 Rfc8 30. Bc4 Ba4 31. Bb3 bxa3 32. Bxa4 Rc4 33. Bb3 axb2+ 34. Kxb2 a4 35. Qf2 axb3 36. c3 Ra4 37. Ra1 Rxa1 38. Kxa1 Bxd4 39. cxd4 b2+ 40. Kb1 Qa7 0-1

[Event "Wch Seniors 65 30th"]
[Site "Assisi"]
[Date "2022.11.18"]
[Round "4"]
[White "Buchal, Stephan"]
[Black "Hewson, Brian Wr"]
[Result "1/2-1/2"]
[WhiteElo "2247"]
[BlackElo "2028"]
[PlyCount "41"]
[EventDate "2022.11.15"]
[EventType "swiss"]
[EventRounds "11"]
[EventCountry "ITA"]
[SourceTitle "CBM 211 Extra"]
[Source "ChessBase"]
[SourceDate "2023.01.31"]
[SourceVersion "1"]
[SourceVersionDate "2023.01.31"]
[SourceQuality "1"]

1. c4 e5 2. g3 Nf6 3. Bg2 d5 4. cxd5 Nxd5 5. Nf3 Nc6 6. 0-0 Nb6 7. d3 Be7 8. a3 a5 9. Nc3 Be6 10. Be3 0-0 11. Rc1 Nd5 12. Nxd5 Bxd5 13. Qa4 Bf6 14. Rc5 Re8 15. Qb5 Ne7 16. Nd2 Bxg2 17. Kxg2 b6 18. Rc2 Qd5+ 19. Qxd5 Nxd5 20. Ne4 c5 21. Nd6 1/2-1/2

[Event "EU-chT Seniors 65"]
[Site "Dresden"]
[Date "2022.11.03"]
[Round "8.3"]
[White "Wahlbom, Magnus"]
[Black "Buchal, Stephan"]
[Result "1/2-1/2"]
[WhiteElo "2141"]
[BlackElo "2245"]
[PlyCount "33"]
[EventDate "2022.10.27"]
[EventType "team-swiss"]
[EventRounds "9"]
[EventCountry "GER"]
[SourceTitle "EXT 2024"]
[Source "ChessBase"]
[SourceDate "2023.10.10"]
[SourceVersion "1"]
[SourceVersionDate "2023.10.10"]
[SourceQuality "1"]
[WhiteTeam "Sweden 65"]
[BlackTeam "Germany 65"]
[WhiteTeamCountry "SWE"]
[BlackTeamCountry "GER"]

1. e4 g6 2. d4 Bg7 3. Nc3 d6 4. Be3 a6 5. f4 b5 6. Bd3 Nd7 7. Nf3 Bb7 8. a3 c5 9. h3 Rc8 10. 0-0 cxd4 11. Nxd4 Ngf6 12. Qe1 0-0 13. Nf3 Nc5 14. Bd4 Ne6 15. Be3 Nc5 16. Bd4 Ne6 17. Be3 1/2-1/2

[Event "EU-chT Seniors 65"]
[Site "Dresden"]
[Date "2022.11.02"]
[Round "7.4"]
[White "Buchal, Stephan"]
[Black "Heinsohn, Guenter"]
[Result "1-0"]
[WhiteElo "2245"]
[BlackElo "2177"]
[PlyCount "63"]
[EventDate "2022.10.27"]
[EventType "team-swiss"]
[EventRounds "9"]
[EventCountry "GER"]
[SourceTitle "EXT 2024"]
[Source "ChessBase"]
[SourceDate "2023.10.10"]
[SourceVersion "1"]
[SourceVersionDate "2023.10.10"]
[SourceQuality "1"]
[WhiteTeam "Germany 65"]
[BlackTeam "Leipzig Schachfreunde 65"]
[WhiteTeamCountry "GER"]
[BlackTeamCountry "GER"]

1. Nf3 Nf6 2. c4 e6 3. g3 d5 4. Bg2 Be7 5. 0-0 0-0 6. b3 c5 7. e3 Nc6 8. Bb2 d4 9. exd4 cxd4 10. Re1 Re8 11. Ne5 Nxe5 12. Rxe5 Bd6 13. Bxd4 Bxe5 14. Bxe5 Nd7 15. Bc3 e5 16. d4 exd4 17. Qxd4 Nf6 18. Na3 Qe7 19. Nb5 Rd8 20. Qe5 Qxe5 21. Bxe5 Ne8 22. Re1 f6 23. Bd4 a6 24. Bd5+ Kh8 25. Bb6 Bd7 26. Bxd8 axb5 27. Bb6 bxc4 28. bxc4 Rxa2 29. Bxb7 Nd6 30. Rd1 Bh3 31. Bg2 Bxg2 32. Rxd6 1-0

[Event "EU-chT Seniors 65"]
[Site "Dresden"]
[Date "2022.10.30"]
[Round "4.4"]
[White "Bujupi, Fatmir"]
[Black "Buchal, Stephan"]
[Result "0-1"]
[WhiteElo "2026"]
[BlackElo "2245"]
[PlyCount "62"]
[EventDate "2022.10.27"]
[EventType "team-swiss"]
[EventRounds "9"]
[EventCountry "GER"]
[SourceTitle "EXT 2024"]
[Source "ChessBase"]
[SourceDate "2023.10.10"]
[SourceVersion "1"]
[SourceVersionDate "2023.10.10"]
[SourceQuality "1"]
[WhiteTeam "Kosovo 65"]
[BlackTeam "Germany 65"]
[WhiteTeamCountry "KOS"]
[BlackTeamCountry "GER"]

1. e4 g6 2. d4 d6 3. Nc3 Bg7 4. f4 Nf6 5. e5 Nfd7 6. Bc4 Nb6 7. Bb3 Nc6 8. Nf3 Na5 9. 0-0 0-0 10. e6 fxe6 11. Qe1 Nxb3 12. axb3 Nd5 13. Ne2 Qd7 14. Qh4 b6 15. Bd2 c5 16. c4 Nf6 17. Rae1 Bb7 18. dxc5 Bxf3 19. Rxf3 bxc5 20. Rh3 Rf7 21. Bc3 Rb8 22. Ng3 Rxb3 23. Ne4 Nh5 24. g3 e5 25. fxe5 Bxe5 26. Ng5 Rf5 27. Ne4 Nf6 28. Nxc5 dxc5 29. Bxe5 Rxe5 30. Rxe5 Qd1+ 31. Kf2 Rf3+ 0-1

[Event "GER-ch Seniors 65 34th"]
[Site "Magdeburg"]
[Date "2022.08.15"]
[Round "4"]
[White "Buchal, Stephan"]
[Black "Kahe, Ralph"]
[Result "1/2-1/2"]
[WhiteElo "2230"]
[BlackElo "2115"]
[PlyCount "27"]
[EventDate "2022.08.12"]
[EventType "swiss"]
[EventRounds "9"]
[EventCountry "GER"]
[SourceTitle "CBM 209 Extra"]
[Source "ChessBase"]
[SourceDate "2022.09.30"]
[SourceVersion "1"]
[SourceVersionDate "2022.09.30"]
[SourceQuality "1"]

1. c4 g6 2. g3 Bg7 3. Bg2 c5 4. Nc3 Nc6 5. Nf3 d6 6. 0-0 Rb8 7. a3 a5 8. e3 Nf6 9. d4 0-0 10. d5 Ne5 11. Nxe5 dxe5 12. e4 Ne8 13. Be3 b6 14. Qe2 1/2-1/2

[Event "Rottach Egern Seniors Cup 10th"]
[Site "Rottach Egern"]
[Date "2022.03.30"]
[Round "5"]
[White "Wagner Michel, Annett"]
[Black "Buchal, Stephan"]
[Result "1-0"]
[WhiteElo "2098"]
[BlackElo "2232"]
[PlyCount "85"]
[EventDate "2022.03.26"]
[EventType "swiss"]
[EventRounds "9"]
[EventCountry "GER"]
[SourceTitle "CBM 207 Extra"]
[Source "ChessBase"]
[SourceDate "2022.05.31"]
[SourceVersion "1"]
[SourceVersionDate "2022.05.31"]
[SourceQuality "1"]

1. e4 d6 2. d4 Nf6 3. Bd3 g6 4. Nf3 Bg7 5. c3 0-0 6. h3 Nc6 7. 0-0 e5 8. Re1 h6 9. Nbd2 Nd7 10. d5 Ne7 11. c4 f5 12. Rb1 a5 13. b3 f4 14. Be2 Kh8 15. a3 g5 16. Nh2 Nf6 17. Ng4 Neg8 18. b4 Qe8 19. Nxf6 Nxf6 20. Bg4 Nxg4 21. hxg4 h5 22. gxh5 g4 23. Rb3 axb4 24. axb4 Bh6 25. Nf1 Bd7 26. Rc3 Kg7 27. Nh2 Qxh5 28. Rh3 Qg5 29. Rc3 Ra2 30. Qb3 Rxf2 31. Kxf2 g3+ 32. Kg1 gxh2+ 33. Kh1 Kh8 34. Rf1 Rg8 35. Qb2 Qh5 36. Rc2 Kh7 37. Rcf2 Bg4 38. Qc3 Bg5 39. g3 fxg3 40. Rf7+ Rg7 41. Rxg7+ Kxg7 42. Qxg3 Bxc1 43. Rxc1 1-0

[Event "Rottach Egern Seniors Cup 10th"]
[Site "Rottach Egern"]
[Date "2022.03.26"]
[Round "1"]
[White "Schmidt, Matthias1111"]
[Black "Buchal, Stephan"]
[Result "1/2-1/2"]
[WhiteElo "1902"]
[BlackElo "2232"]
[PlyCount "74"]
[EventDate "2022.03.26"]
[EventType "swiss"]
[EventRounds "9"]
[EventCountry "GER"]
[SourceTitle "CBM 207 Extra"]
[Source "ChessBase"]
[SourceDate "2022.05.31"]
[SourceVersion "1"]
[SourceVersionDate "2022.05.31"]
[SourceQuality "1"]

1. d4 g6 2. c4 Bg7 3. Nf3 d6 4. Nc3 Nf6 5. g3 0-0 6. Bg2 Nc6 7. 0-0 a6 8. Re1 Rb8 9. a4 a5 10. e4 Bg4 11. Be3 Nd7 12. h3 Bxf3 13. Bxf3 e5 14. d5 Nd4 15. Bg2 Nc5 16. Nb5 c6 17. Nc3 Qb6 18. Rb1 Qb4 19. Bf1 Rbe8 20. Kg2 Ncb3 21. f4 f5 22. fxe5 dxe5 23. Bd3 f4 24. Bxd4 f3+ 25. Kf2 Nxd4 26. Qd2 Rf7 27. Rf1 Qc5 28. Kg1 Bh6 29. Qf2 Ne2+ 30. Kh2 Be3 31. Qe1 Ng1 32. Nd1 Bd4 33. Nf2 Ne2 34. Ng4 Rff8 35. Bxe2 fxe2 36. Qxe2 Qe7 37. Kg2 h5 1/2-1/2

[Event "GER-chT Online Liga 1 GpC"]
[Site "Playchess.com INT"]
[Date "2021.01.21"]
[Round "1.4"]
[White "Bajorski, Marius"]
[Black "Buchal, Stephan"]
[Result "1/2-1/2"]
[WhiteElo "1846"]
[BlackElo "2256"]
[PlyCount "75"]
[EventDate "2021.01.21"]
[EventType "team-tourn (rapid)"]
[EventRounds "7"]
[EventCountry "GER"]
[SourceTitle "CBM 200 Extra"]
[Source "ChessBase"]
[SourceDate "2021.03.31"]
[SourceVersion "1"]
[SourceVersionDate "2021.03.31"]
[SourceQuality "1"]
[WhiteTeam "Hofheim"]
[BlackTeam "Werder Bremen II"]
[WhiteTeamCountry "GER"]
[BlackTeamCountry "GER"]

1. e4 d6 2. d4 Nf6 3. Nc3 g6 4. f4 Bg7 5. Nf3 c5 6. Bb5+ Bd7 7. Bxd7+ Nbxd7 8. d5 0-0 9. 0-0 a6 10. a4 Qc7 11. Be3 b5 12. axb5 axb5 13. Rxa8 Rxa8 14. Nxb5 Qb6 15. Qd3 c4 16. Bxb6 cxd3 17. Bd4 dxc2 18. Nc3 Rb8 19. Rc1 Rxb2 20. Ne1 Rb4 21. Nxc2 Rc4 22. e5 Nh5 23. e6 fxe6 24. dxe6 Nf8 25. Bxg7 Kxg7 26. Ne3 Rc5 27. Ned5 Nxe6 28. g3 Kf7 29. Re1 h6 30. Kf2 Nf6 31. Nxf6 Rxc3 32. Ng4 Rc2+ 33. Kg1 h5 34. Nh6+ Kf6 35. Ng8+ Kf7 36. Nh6+ Kf6 37. Ng8+ Kf7 38. Nh6+ 1/2-1/2

[Event "DSOL 01 Liga Gr-C 1st"]
[Site "Playchess.com INT"]
[Date "2020.07.31"]
[Round "6.1"]
[White "Buchal, Stephan"]
[Black "Engel, Luis"]
[Result "1/2-1/2"]
[WhiteElo "2242"]
[BlackElo "2551"]
[PlyCount "122"]
[EventDate "2020.06.22"]
[EventType "team-tourn (rapid)"]
[EventCountry "GER"]
[SourceTitle "EXT 2021"]
[Source "ChessBase"]
[SourceDate "2020.10.23"]
[SourceVersion "1"]
[SourceVersionDate "2020.10.23"]
[SourceQuality "1"]
[WhiteTeam "Werder Bremen II"]
[BlackTeam "Hamburger SK"]
[WhiteTeamCountry "GER"]
[BlackTeamCountry "GER"]

1. c4 e5 2. g3 d6 3. Bg2 f5 4. Nc3 Nf6 5. d3 Be7 6. e3 0-0 7. b3 c6 8. Nge2 Be6 9. 0-0 d5 10. cxd5 cxd5 11. f4 e4 12. Nd4 Bd7 13. Bb2 Na6 14. Re1 Nb4 15. Bf1 Rc8 16. dxe4 fxe4 17. a3 Nc6 18. Nxc6 bxc6 19. b4 h5 20. Na4 Qe8 21. Bd4 h4 22. Nc5 hxg3 23. Nxd7 gxh2+ 24. Kh1 Qxd7 25. Ra2 Kf7 26. Bxf6 Bxf6 27. Qh5+ g6 28. Qh7+ Bg7 29. Bh3 Qd6 30. f5 Rc7 31. f6 Qg3 32. Rf1 Ke8 33. Rg2 Qe5 34. Qxg6+ Kd8 35. Rgf2 Bh8 36. f7 Qe7 37. Rf6 Bxf6 38. Rxf6 Rd7 39. Bxd7 Kxd7 40. Qf5+ Kc7 41. b5 cxb5 42. Kxh2 Qd7 43. Qf4+ Kb7 44. Kg3 a5 45. Kh4 b4 46. axb4 axb4 47. Kg5 Qc7 48. Qxc7+ Kxc7 49. Kg6 b3 50. Kg7 Rxf7+ 51. Kxf7 d4 52. exd4 e3 53. Rf1 Kd6 54. Kf6 Kd5 55. Kf5 e2 56. Re1 b2 57. Kf4 Kxd4 58. Kf3 Kd3 59. Kf2 Kc2 60. Rxe2+ Kc3 61. Rxb2 Kxb2 1/2-1/2

[Event "GER Cup Net Final-A U2400"]
[Site "Playchess.com INT"]
[Date "2020.06.06"]
[Round "7"]
[White "Buchal, Stephan"]
[Black "Promyshlyanskiy, Vitaliy"]
[Result "1-0"]
[WhiteElo "2075"]
[BlackElo "2139"]
[PlyCount "53"]
[EventDate "2020.06.06"]
[EventType "swiss (blitz)"]
[EventRounds "13"]
[EventCountry "GER"]
[SourceTitle "CBM 197 Extra"]
[Source "ChessBase"]
[SourceDate "2020.09.30"]
[SourceVersion "1"]
[SourceVersionDate "2020.09.30"]
[SourceQuality "1"]

1. c4 Nc6 2. g3 e5 3. Bg2 f5 4. Nc3 Nf6 5. e3 d5 6. cxd5 Nb4 7. d3 Nbxd5 8. Nxd5 Nxd5 9. Ne2 Nb4 10. d4 e4 11. 0-0 Nd3 12. f3 Nxc1 13. Rxc1 exf3 14. Bxf3 Bd6 15. Qb3 c6 16. e4 Qe7 17. e5 Bc7 18. Rxc6 bxc6 19. Bxc6+ Bd7 20. Bxa8 Bb6 21. Bd5 h5 22. e6 Bc8 23. Rxf5 Rf8 24. Qf3 Ba6 25. Bc6+ Kd8 26. Rxf8+ Kc7 27. Rf7 1-0

[Event "GER-ch Net Amateur Gr-A Final"]
[Site "Playchess.com INT"]
[Date "2020.04.18"]
[Round "11"]
[White "Buchal, Stephan"]
[Black "Dahl, Christoph"]
[Result "0-1"]
[WhiteElo "2066"]
[BlackElo "2133"]
[PlyCount "102"]
[EventDate "2020.04.18"]
[EventType "swiss (blitz)"]
[EventRounds "13"]
[EventCountry "GER"]
[SourceTitle "CBM 195 Extra"]
[Source "ChessBase"]
[SourceDate "2020.05.31"]
[SourceVersion "1"]
[SourceVersionDate "2020.05.31"]
[SourceQuality "1"]

1. c4 e5 2. g3 Nf6 3. Bg2 d5 4. cxd5 Nxd5 5. Nf3 Nc6 6. 0-0 Be7 7. d4 e4 8. Ne5 Nxe5 9. dxe5 Bf5 10. Bxe4 Bxe4 11. Qa4+ c6 12. Qxe4 0-0 13. Nd2 f6 14. Nf3 fxe5 15. Qxe5 Bf6 16. Qe6+ Kh8 17. e4 Re8 18. Qg4 Nb4 19. Bg5 Bxg5 20. Nxg5 Qf6 21. Rad1 h6 22. Nf3 Nxa2 23. e5 Qe6 24. Qe4 Rad8 25. Nh4 Kg8 26. f4 a5 27. Nf5 Nb4 28. Rfe1 Nd5 29. Nd4 Qg4 30. Kg2 Rf8 31. h3 Nxf4+ 32. Qxf4 Rxf4 33. hxg4 Rfxd4 34. Rxd4 Rxd4 35. Re2 Kf7 36. Kf3 Ke6 37. Rc2 Kxe5 38. Rc5+ Rd5 39. Rc2 Rd3+ 40. Kf2 Rb3 41. Re2+ Kf6 42. Rd2 Kg5 43. Rd7 Rxb2+ 44. Kf3 Rb3+ 45. Ke4 g6 46. Kd4 Kxg4 47. Kc4 Rb4+ 48. Kc3 Kxg3 49. Rd6 g5 50. Rxh6 g4 51. Rg6 Kg2 0-1

[Event "GER-ch Net Amateur Gr-A Final"]
[Site "Playchess.com INT"]
[Date "2020.04.18"]
[Round "1"]
[White "Buchal, Stephan"]
[Black "Laux, Dominik"]
[Result "1-0"]
[WhiteElo "2066"]
[BlackElo "1889"]
[PlyCount "135"]
[EventDate "2020.04.18"]
[EventType "swiss (blitz)"]
[EventRounds "13"]
[EventCountry "GER"]
[SourceTitle "CBM 195 Extra"]
[Source "ChessBase"]
[SourceDate "2020.05.31"]
[SourceVersion "1"]
[SourceVersionDate "2020.05.31"]
[SourceQuality "1"]

1. c4 e5 2. g3 Nf6 3. Bg2 h6 4. d3 Bb4+ 5. Bd2 Bxd2+ 6. Qxd2 0-0 7. Nc3 c6 8. e3 d5 9. cxd5 cxd5 10. Nge2 Nc6 11. d4 Re8 12. dxe5 Rxe5 13. 0-0 Bg4 14. h3 Be6 15. Rad1 Qb6 16. b3 Rd8 17. Nd4 Ne4 18. Qb2 a6 19. Nxc6 bxc6 20. Nxe4 Rxe4 21. Bxe4 dxe4 22. Kh2 Rd5 23. Rxd5 Bxd5 24. Qe5 Qb4 25. Qd4 Qb5 26. Rd1 Qe2 27. Qd2 Qh5 28. Rg1 Be6 29. g4 Qe5+ 30. Rg3 Bd5 31. Qd4 Qd6 32. Kg2 Qa3 33. g5 h5 34. Qe5 Kf8 35. g6 f6 36. Qxh5 Qxa2 37. Qh8+ Ke7 38. Qxg7+ Kd6 39. Qxf6+ Kc5 40. g7 Qxb3 41. g8Q Bxg8 42. Qd4+ Kb5 43. Rg5+ Bd5 44. h4 a5 45. Rg7 c5 46. Qe5 a4 47. Qb8+ Kc4 48. Qxb3+ axb3 49. Rg6 Kb5 50. Kh2 b2 51. Rg1 Ba2 52. h5 Kb4 53. h6 Bg8 54. Rxg8 b1Q 55. h7 Qf1 56. h8Q Qxf2+ 57. Rg2 Qxe3 58. Qb2+ Kc4 59. Rc2+ Kd5 60. Rd2+ Ke6 61. Qb6+ Kf5 62. Qd6 Qf4+ 63. Qxf4+ Kxf4 64. Kg2 Ke3 65. Rc2 Kd4 66. Kf2 Kd3 67. Rxc5 e3+ 68. Kf3 1-0